LEADER 00934nam a2200241 i 4500 001 000000065437 003 CaOOAMICUS 005 20071217000000.0 008 071217s1985 it u000 u ita u 013 $a36609 040 $aSeMil$bita 100 1 $aAmado, Jorge <1912-2001>.$0(OLS)http://semarc/name/32888 245 10$aMar Morto /$cJorge Amado ; traduzione di Liliana Bonacini Seppilli. 260 $aMilano :$bArnoldo Mondadori Editore,$c1985. 300 $a260 p. ;$c23 cm. 490 0 $aOmnibus 700 1 $aBonacini Seppilli, Liliana.$0(OLS)http://semarc/name/32889 830 0$aOmnibus.$0(OLS)http://semarc/title/6831 850 $aSeMil 852 $aSeMil$W1$xVenegono$y1$m1O VI 70$j31590$B31590$CSeMilBibl$Z2$F31593 $81 961 $aOmaggio: Ghiringhelli prof. Livio 996 $6245$aMar Morto$9(OLS)http://semarc/title/103832 996 $6260$aMilano :$bArnoldo Mondadori Editore$9(OLS)http://semarc/publisher/30056 LEADER 01049nam a2200229 i 4500 001 000000081881 003 CaOOAMICUS 005 20180704000000.0 008 180704s1995 it u000 u ita u 013 $a54121 040 $aSeMil$bita 100 1 $aPolli, Vittorio.$0(OLS)http://semarc/name/60398 245 13$aLe tarsie di San Bartolomeo in Bergamo del frate Damiano Zambelli :$bfaber lignarius, 1480-1549 /$cVittorio Polli. 260 $aClusone (Bg) :$bFerrari,$cstampa 1995. 300 $a117 p. :$bill. ;$c32 cm. 650 4$aBergamo - Chiese - San Bartolomeo - Tarsie.$0(OLS)http://semarc/subject/45507 650 4$aZambelli, Damiano.$0(OLS)http://semarc/subject/45508 850 $aSeMil 852 $aSeMil$W1$xVenegono$y1$m5N IX 83$j47048$B47048$CSeMilBibl$Z2$F49480 $81 961 $aOmaggio: Giacomoni Silvia 996 $6245$aLe tarsie di San Bartolomeo in Bergamo del frate Damiano Zambelli :$bfaber lignarius, 1480-1549$9(OLS)http://semarc/title/404797 996 $6260$aClusone (Bg) :$bFerrari$9(OLS)http://semarc/publisher/32612